000 01020nam a2200193Ii 4500
003 JO-AjNU
008 230605s9999||||xx |||||||||||||| ||und||
040 _aJO-AjNU
_bara
_erda
_cJO-AjNU
041 _aara
050 1 4 _aHB179. S5488 1993
100 3 _aشيحة، مصطفى رشيد,
_eauthor
_956541
245 0 0 _aالاقتصاد العام للرفاهية : النظرية العامة - الميزانية المالي - المشروعات العامة - الاقتصاد الاجتماعب للرفاهية - السياسات الحكومية التدخلية والرقابية ( القانون الاقتصادي العام) ج1: النظرية العغامة لنشاط الدولة المالي
264 3 1 _aبيروت: الدار الجامعية، 1993
300 _aج1، 729ص
_bيحتوي على ببلوغرافية من 716-729ص
336 _atext
_btxt
_2rdacontent
337 _aunmediated
_bn
_2rdamedia
338 _avolume
_bnc
_2rdacarrier
650 4 _aالاقتصاد - فلسفة 
_956542
999 _aA25283
_c28851
_d28851